000 nam a22 a 4500
999 _c1412
_d1412
005 20170509142014.0
008 800918s1979 enka | 000 | eng
020 _a0070829357
040 _aAKMAL
082 _a301.4310 ISH
090 _a301.4310
_bISH
245 _aChildhood and adolescence in Canada
_cedited and with an introduction by K. Ishwaran.
260 _a Toronto, London
_b McGraw-Hill
_c1979.
300 _a[9],396p.
_b ill.
_c23cm.
490 0 _a Interdisciplinary studies in family and marriage
504 _a Includes bibliographies.
650 0 _a Children
_xAddresses, essays, lectures.
_z Canada
_92776
650 0 _a Youth
_xAddresses, essays, lectures.
_z Canada
_92777
650 0 _a Child development
_xAddresses, essays, lectures.
_zCanada
_92778
700 1 _aIshwaran, K.
_d 1922
_q(Karigoudar)
_92779
852 4 _aBritish Library
_b DSC
852 4 1 _aBritish Library
_bHMNTS
942 _2ddc
_cBOOK